000 00846nmm a2200241 a 4500
001 ocm000701262
003 TR-IsHL
005 20201028132421.0
008 131030s1974 tu tur
007 cr cn
035 _a701262
_b(N$T)
050 0 4 _aHD2346.T9
_bK83 1974
090 0 4 _aHD2346.T9
_bK83 1974
245 1 0 _aKüçük sanayi ve yan sanayinin ekonomimizdeki yeri finansman ve yerleşme sorunları
_h[electronic resource]
260 _aİstanbul :
_bİstanbul Ticaret Odası,
_c1974
300 _a23 p.
650 4 _aEkonomi ve Finans
650 4 _aEconomics and Finance
650 0 _aKüçük işletmeler
_x Türkiye
650 0 _aSmall business
_x Turkey
650 7 _aBUSINESS & ECONOMICS / Small Business
_2bisacsh
856 4 0 _uhttp://search.ebscohost.com/login.aspx?direct=true&scope=site&db=e011xww&AN=701262
999 _c5082
_d5082